Statistics for Famous Book by Missing Word

Click here to take the quiz!

General Stats

  • This quiz has been taken 37 times
  • The average score is 9 of 12

Answer Stats

TitleAnswerAuthor% Correct
The Cat in the ___HatDr. Seuss
97%
The ______ GamesHungerSuzanne Collins
97%
The ______HobbitJ.R.R Tolkien
88%
The ______ BookJungleRudyard Kipling
85%
_______ FarmAnimalGeorge Orwell
82%
_______'_ WebbCharlotte'sE.B White
82%
The _____ of the WildCallJack London
76%
The Adventures of __ ______Tom SawyerMark Twain
73%
_______ IslandTreasureRobert Louis Stevenson
73%
The _____IlliadHomer
67%
The ______ BoysHardyFranklin Dixon
21%
________ LettersScrewtapeC.S Lewis
21%

Score Distribution

Percentile by Number Answered

Percent of People with Each Score

Your Score History

You have not taken this quiz